000 00612nam a2200241Ia 4500
003 OSt
005 20221005130750.0
006 a|||||r|||| 00| 0
007 ta
008 221004b |||||||| |||| 00| 0 eng d
024 _a53993
037 _cTextual
040 _aCRL
_cCRL
_beng
041 _2eng
_aeng
082 _aR631x2:1:2, G3
100 _aSharma Har Dutt, Ed.
_9203980
245 0 _aSamkhya-karika.
260 _c1933
490 _aPoona oriental series; 9
650 _aPHILOSOPHY
942 _hR631x2:1:2, G3
_cTEXL
_2cc
999 _c1058343
_d1058343